000 01376cam a2200229 4500
001 ABS65589
008 020710n2002 000 0 eng u
035 _a(Sirsi) u118768
100 _aSeidl, A.
245 _aVehicles on a roll
260 _c2002
490 _aEstates Gazette
_v(0225) 22 June 2002, 78-79(2)
520 _aInterest in commercial property investment has increased following relatively strong returns from this sector and the ground breaking launch of Scottish Widows' quoted UK Balanced Property Trust in January and more recently with Allsop & Co. new scheme. Other financial institutions such as Legal & General, AXA, Aberdeen and Prudential are said to be looking at the feasibility of launching ISA-structured commercial property funds especially with the poor performance of equitites. Advises that setting up a property ISA is not very easy as Financial Services Authority requirements have to be met and hundreds of small investments have to be administered. With tables of performance of commercial property performance and details of the products on offer.
590 _aABS
650 _aPROPERTY-COMMERCIAL PROPERTY
650 _aSCOTTISH WIDOWS
650 _aALLSOP AND CO
650 _aSMALL INVESTORS
650 _aPROPERTY ISAS
690 _aPROPERTY-COMMERCIAL PROPERTY-COMMERCIAL PROPERTY FINANCE AND INVESTMENT
942 _n0
999 _c70705
_d70705